[Event "Junior Online 4NCL Division 3"]
[Site "online"]
[Date "2020.06.04"]
[Round "8.88"]
[White "Guo James, Jintian"]
[Black "Dantu, Sridatta"]
[Result "0-1"]
[WhiteElo "1457"]
[BlackElo "1368"]
[PlyCount "62"]
[EventDate "2020.06.04"]
[WhiteTeam "Wey 1"]
[BlackTeam "St John's College A"]

1. e4 d5 2. exd5 Nf6 3. c4 e6 4. dxe6 Bxe6 5. Nc3 Nc6 6. g3 Qd7 7. Qe2 O-O-O 8.
Bg2 Re8 9. Bxc6 Qxc6 10. Ne4 Nxe4 11. Nf3 Bxc4 12. d3 Nf6 13. Ne5 Qxh1+ 14. Kd2
Bb4+ 15. Kc2 Bb5 16. Qf3 Bxd3+ 17. Kxd3 Qxf3+ 18. Nxf3 Re6 19. a3 Rd8+ 20. Kc2
Bc5 21. Ng5 Re2+ 22. Kb3 Ne4 23. Nxf7 Rd3+ 24. Ka2 Nc3+ 25. Kb3 Ne4+ 26. Kc4
Rd4+ 27. Kb3 Rxf2 28. Be3 Rd3+ 29. Kc4 Rxe3 30. Kd5 c6+ 31. Kc4 Rc2# 0-1

[Event "Junior Online 4NCL Division 4"]
[Site "online"]
[Date "2020.04.16"]
[Round "1.11"]
[White "Crook, Ethan"]
[Black "Purushothaman, Amitesh"]
[Result "1-0"]
[WhiteElo "1405"]
[BlackElo "1285"]
[PlyCount "129"]
[EventDate "2020.04.16"]
[WhiteTeam "Cheshire8Y"]
[BlackTeam "Warwickshire Bears E"]

1. e4 c5 2. c3 e6 3. d4 cxd4 4. cxd4 Nc6 5. Nf3 Be7 6. b3 Nf6 7. e5 Nd5 8. Bc4
O-O 9. Bxd5 exd5 10. Nc3 d6 11. Nxd5 dxe5 12. dxe5 Nb4 13. Nxe7+ Qxe7 14. Ba3
Nc2+ 15. Qxc2 Qxa3 16. Ng5 Qb4+ 17. Kf1 Qb5+ 18. Kg1 g6 19. f4 Bf5 20. Qf2 Rac8
21. h3 h6 22. Nf3 Qc5 23. Qxc5 Rxc5 24. Kh2 f6 25. g4 Be4 26. Kg3 Rc3 27. Rhf1
Rd8 28. Kg2 Rd2+ 29. Kg3 fxe5 30. Rae1 Bxf3 31. Rxf3 exf4+ 32. Kxf4 Rd4+ 33.
Re4 Rxf3+ 34. Kxf3 Rd3+ 35. Re3 Rxe3+ 36. Kxe3 Kf7 37. h4 Ke6 38. Ke4 b5 39. b4
a6 40. a3 g5 41. h5 Kf6 42. Kd5 Ke7 43. Kc6 Ke6 44. Kb6 Ke5 45. Kxa6 Kf4 46.
Kxb5 Kxg4 47. a4 Kxh5 48. a5 g4 49. a6 g3 50. a7 g2 51. a8=Q g1=Q 52. Qe8+ Qg6
53. Qe2+ Qg4 54. Qh2+ Qh4 55. Qe5+ Qg5 56. Qc5 Kg4 57. Qxg5+ Kxg5 58. Ka5 h5
59. b5 Kf6 60. b6 h4 61. b7 h3 62. b8=Q Kg5 63. Qg3+ Kf5 64. Qxh3+ Ke5 65. Qg4
1-0

[Event "Junior Online 4NCL Division 4"]
[Site "online"]
[Date "2020.04.16"]
[Round "1.12"]
[White "Vaidyanathan, Sathya"]
[Black "Sajid, Aryan"]
[Result "0-1"]
[WhiteElo "1292"]
[BlackElo "1405"]
[PlyCount "98"]
[EventDate "2020.04.16"]
[WhiteTeam "Warwickshire Bears E"]
[BlackTeam "Cheshire8Y"]

1. e4 e5 2. Nf3 Nc6 3. Bc4 Bc5 4. Nc3 Nf6 5. d3 d6 6. h3 h6 7. a3 O-O 8. O-O
Be6 9. Bxe6 fxe6 10. b4 Bb6 11. Re1 Qe8 12. b5 Nd4 13. Nxd4 Bxd4 14. Qd2 Qg6
15. Rb1 Nh5 16. Ne2 Bxf2+ 17. Kh1 Bxe1 18. Qxe1 Ng3+ 19. Nxg3 Rf6 20. c4 Raf8
21. a4 h5 22. Kh2 h4 23. Ne2 Rf2 24. Qg1 Rxe2 25. Rb2 Qg3+ 26. Kh1 Re1 27. Qxe1
Qxe1+ 28. Kh2 Qg3+ 29. Kg1 Rf1+ 30. Kxf1 Qxd3+ 31. Ke1 Qxe4+ 32. Kf1 Qxc4+ 33.
Kf2 Qxc1 34. Re2 d5 35. Kf3 e4+ 36. Kf2 Qf4+ 37. Ke1 d4 38. g4 d3 39. Rf2 Qg3
40. Kf1 e3 41. Rg2 Qxh3 42. g5 e2+ 43. Kf2 Qf5+ 44. Ke1 Qf1+ 45. Kd2 Qxg2 46.
Kxd3 e1=Q 47. g6 Qeg3+ 48. Kc4 Qe4+ 49. Kc5 Qg5# 0-1

[Event "Junior Online 4NCL Division 4"]
[Site "online"]
[Date "2020.04.16"]
[Round "1.13"]
[White "Jia, Ethan"]
[Black "Gibara, Astrid"]
[Result "1/2-1/2"]
[WhiteElo "1315"]
[BlackElo "1187"]
[PlyCount "129"]
[EventDate "2020.04.16"]
[WhiteTeam "Cheshire8Y"]
[BlackTeam "Warwickshire Bears E"]

1. d4 d5 2. c4 Nf6 3. cxd5 Nxd5 4. e4 Nb6 5. Nc3 f6 6. Nf3 Nc6 7. Be3 e5 8.
dxe5 Qxd1+ 9. Rxd1 fxe5 10. Bb5 Bd7 11. Bxc6 Bxc6 12. Nxe5 Bd6 13. Nxc6 bxc6
14. O-O O-O-O 15. a4 Nc4 16. Bxa7 Nxb2 17. Ra1 Rhe8 18. Be3 Kb7 19. Rab1 Ba3
20. Bc1 Kc8 21. Bxb2 Bxb2 22. Rxb2 Rd3 23. Ne2 Rxe4 24. Ng3 Rxa4 25. Nf5 g6 26.
Ne7+ Kd7 27. Re1 Re4 28. Rbb1 Rxe7 29. Rxe7+ Kxe7 30. h3 c5 31. Rc1 Kd6 32. Re1
c4 33. Kf1 c3 34. Ke2 Rd5 35. Rc1 Rc5 36. Kd3 Rf5 37. f3 Rg5 38. Rc2 Kd5 39.
Rxc3 c5 40. g4 Re5 41. Rc2 Re6 42. Rd2 c4+ 43. Kc3+ Kc5 44. Rf2 Re3+ 45. Kc2 c3
46. Kb3 Kd4 47. Kc2 Kc4 48. Rf1 Re2+ 49. Kc1 c2 50. h4 Kc3 51. f4 Rh2 52. f5
Rxh4 53. f6 Rh3 54. f7 Rd3 55. f8=Q Rd1+ 56. Rxd1 cxd1=Q+ 57. Kxd1 Kd3 58. Qh8
Ke3 59. Qxh7 Kf3 60. Qxg6 Kf4 61. Qf5+ Kg3 62. g5 Kh4 63. g6 Kg3 64. g7 Kh4 65.
g8=Q 1/2-1/2

[Event "Junior Online 4NCL Division 4"]
[Site "online"]
[Date "2020.04.16"]
[Round "1.14"]
[White "Vora, Ravi"]
[Black "Idan, Tani"]
[Result "0-1"]
[WhiteElo "1150"]
[BlackElo "1285"]
[PlyCount "80"]
[EventDate "2020.04.16"]
[WhiteTeam "Warwickshire Bears E"]
[BlackTeam "Cheshire8Y"]

1. e4 e5 2. Bc4 Nf6 3. Nf3 Nc6 4. Nc3 Bc5 5. O-O O-O 6. d3 h6 7. a3 d6 8. Bd2
Bg4 9. h3 Bh5 10. Re1 Qe7 11. Nd5 Nxd5 12. exd5 Nd4 13. Nxd4 Bxd1 14. Rexd1
Bxd4 15. c3 Bb6 16. Re1 Qf6 17. Rf1 Rfe8 18. Be3 e4 19. Rae1 exd3 20. Bxd3 Re5
21. c4 Ba5 22. Bd4 Bxe1 23. Bxe5 Qxe5 24. f4 Qd4+ 25. Kh2 Qxd3 26. Rxe1 Qxc4
27. Re7 Qxf4+ 28. Kg1 Kf8 29. Rxc7 Re8 30. g3 Re1+ 31. Kg2 Re3 32. Rc8+ Ke7 33.
Rc7+ Kd8 34. Rc2 Qxg3+ 35. Kf1 Qf4+ 36. Kg2 Qe4+ 37. Kf2 Rf3+ 38. Kg1 Qxc2 39.
b4 Rd3 40. b5 Rd1# 0-1

[Event "Junior Online 4NCL Division 4"]
[Site "online"]
[Date "2020.04.16"]
[Round "1.15"]
[White "Purushothaman, Amitesh"]
[Black "Crook, Ethan"]
[Result "0-1"]
[WhiteElo "1285"]
[BlackElo "1405"]
[PlyCount "48"]
[EventDate "2020.04.16"]
[WhiteTeam "Warwickshire Bears E"]
[BlackTeam "Cheshire8Y"]

1. d4 e5 2. dxe5 Nc6 3. Nf3 Qe7 4. Bf4 Qb4+ 5. Nc3 Qxf4 6. e3 Qb4 7. a3 Qe7 8.
Nd5 Qd8 9. Bd3 Nge7 10. Nf4 g6 11. Bc4 Bg7 12. O-O Nxe5 13. Nxe5 Bxe5 14. Nd3
Bg7 15. Re1 O-O 16. e4 Nc6 17. e5 Na5 18. Bd5 c6 19. Bf3 Re8 20. Re4 b6 21. b4
Nb7 22. Qd2 d6 23. exd6 Bxa1 24. Rxe8+ Qxe8 0-1

[Event "Junior Online 4NCL Division 4"]
[Site "online"]
[Date "2020.04.16"]
[Round "1.16"]
[White "Sajid, Aryan"]
[Black "Vaidyanathan, Sathya"]
[Result "0-1"]
[WhiteElo "1405"]
[BlackElo "1292"]
[PlyCount "70"]
[EventDate "2020.04.16"]
[WhiteTeam "Cheshire8Y"]
[BlackTeam "Warwickshire Bears E"]

1. e4 e5 2. Nf3 Nc6 3. d4 exd4 4. Bc4 Nf6 5. c3 dxc3 6. Nxc3 Bb4 7. Bf4 d6 8.
O-O O-O 9. Ng5 Bg4 10. Qd3 h6 11. Nf3 Re8 12. h3 Bh5 13. g4 Bg6 14. g5 Nh5 15.
Be3 Ne5 16. Qd1 Nxc4 17. gxh6 Nxe3 18. fxe3 gxh6 19. Qd4 Bc5 20. Qd5 Bxe3+ 21.
Kh2 Bf4+ 22. Kg1 c6 23. Qd3 d5 24. Rae1 dxe4 25. Nxe4 Qxd3 26. Rd1 Be3+ 27. Kh2
Qxe4 28. Rfe1 Qf4+ 29. Kg2 Qg3+ 30. Kh1 Qxf3+ 31. Kh2 Bf4+ 32. Kg1 Rxe1+ 33.
Rxe1 Be3+ 34. Kh2 Qg3+ 35. Kh1 Be4# 0-1

[Event "Junior Online 4NCL Division 4"]
[Site "online"]
[Date "2020.04.16"]
[Round "1.17"]
[White "Gibara, Astrid"]
[Black "Jia, Ethan"]
[Result "0-1"]
[WhiteElo "1187"]
[BlackElo "1315"]
[PlyCount "148"]
[EventDate "2020.04.16"]
[WhiteTeam "Warwickshire Bears E"]
[BlackTeam "Cheshire8Y"]

1. e4 e5 2. Nf3 Nc6 3. Nc3 Nf6 4. d4 exd4 5. Nxd4 Ne5 6. f4 Nc6 7. e5 Nxd4 8.
Qxd4 Nh5 9. Bc4 Qh4+ 10. Qf2 Qxf2+ 11. Kxf2 Bc5+ 12. Be3 Bxe3+ 13. Kxe3 g6 14.
g3 Ng7 15. Rhd1 Nf5+ 16. Kf2 c6 17. g4 Nh6 18. h3 b6 19. Ne4 f5 20. Nf6+ Ke7
21. g5 Nf7 22. h4 h6 23. Rd3 hxg5 24. hxg5 Rh2+ 25. Kg3 Rxc2 26. b3 b5 27. Bxf7
Kxf7 28. Nxd7 Ba6 29. Rd6 Rc3+ 30. Kf2 Rd8 31. e6+ Ke7 32. Re1 Kxd6 33. Nf6 Rh3
34. e7 Rhh8 35. exd8=Q+ Rxd8 36. Rd1+ Ke7 37. Rc1 Rd6 38. Ng8+ Kf7 39. Nh6+ Kg7
40. Rh1 Rd2+ 41. Ke3 Rxa2 42. b4 Ra4 43. Kd4 Rxb4+ 44. Ke5 Re4+ 45. Kd6 Rxf4
46. Ke7 Bb7 47. Rg1 a6 48. Nxf5+ Rxf5 49. Ke6 c5 50. Rd1 Bc8+ 51. Ke7 c4 52.
Rd8 Re5+ 53. Kd6 Rxg5 54. Rxc8 Kh6 55. Ke7 Kh5 56. Kf6 Rf5+ 57. Kg7 a5 58. Rh8+
Kg5 59. Rh3 Rf4 60. Rg3+ Rg4 61. Rxg4+ Kxg4 62. Kxg6 c3 63. Kf6 c2 64. Kg6 c1=Q
65. Kf6 b4 66. Kg6 b3 67. Kf6 b2 68. Ke5 b1=Q 69. Kd5 Qd3+ 70. Ke5 Qe1+ 71. Kf6
Qf3+ 72. Kg6 Qe5 73. Kh7 Qh5+ 74. Kg7 Qff7# 0-1

[Event "Junior Online 4NCL Division 4"]
[Site "online"]
[Date "2020.04.16"]
[Round "1.18"]
[White "Idan, Tani"]
[Black "Vora, Ravi"]
[Result "0-1"]
[WhiteElo "1285"]
[BlackElo "1150"]
[PlyCount "118"]
[EventDate "2020.04.16"]
[WhiteTeam "Cheshire8Y"]
[BlackTeam "Warwickshire Bears E"]

1. e4 e5 2. Nf3 Nc6 3. Bc4 h6 4. c3 Nf6 5. d4 Bd6 6. dxe5 Nxe5 7. Nxe5 Bxe5 8.
Bd3 O-O 9. O-O d6 10. Be3 Bg4 11. Qd2 a6 12. h3 Be6 13. Bxh6 gxh6 14. Qxh6 Nh7
15. Nd2 Bg7 16. Qh5 Qg5 17. Qxg5 Nxg5 18. Rfe1 Rae8 19. a4 Bd7 20. Ra3 d5 21.
Rb3 dxe4 22. Nxe4 Nxe4 23. Bxe4 Bf5 24. f3 Bd7 25. Rxb7 f5 26. Rxc7 Bxa4 27.
Rc4 Bb5 28. Rd4 fxe4 29. Rdxe4 Rxe4 30. Rxe4 Rd8 31. c4 Bc6 32. Re6 Bb7 33. Rb6
Rd7 34. b4 Bd4+ 35. Kf1 Bxb6 36. Ke2 Re7+ 37. Kd3 Re3+ 38. Kd2 Bc8 39. Kd1 Be6
40. c5 Bd8 41. Kd2 Rb3 42. Kc2 Rxb4 43. Kc3 Rc4+ 44. Kb3 Rxc5+ 45. Ka4 Bd7+ 46.
Kb4 Rb5+ 47. Kc4 a5 48. g4 a4 49. f4 a3 50. g5 a2 51. f5 a1=Q 52. g6 Qc1+ 53.
Kd4 Rb4+ 54. Kd5 Bxf5 55. h4 Bxg6 56. h5 Bxh5 57. Ke5 Qc5+ 58. Ke6 Rb6+ 59. Kd7
Qc7# 0-1

[Event "Junior Online 4NCL Division 4"]
[Site "online"]
[Date "2020.04.16"]
[Round "1.21"]
[White "Asryan, Kagik"]
[Black "Humphreys, Benjamin"]
[Result "1-0"]
[WhiteElo "1345"]
[BlackElo "1255"]
[PlyCount "75"]
[EventDate "2020.04.16"]
[WhiteTeam "Harrow Juniors C"]
[BlackTeam "Robin Hoods 3"]

1. d4 d5 2. Bf4 Bf5 3. Nf3 c6 4. e3 Nf6 5. Nbd2 Nbd7 6. Bd3 Be6 7. O-O Qb6 8.
c4 dxc4 9. Bxc4 Bxc4 10. Nxc4 Qd8 11. Re1 e6 12. a3 Be7 13. e4 O-O 14. Qc2 b5
15. Nd6 Bxd6 16. Bxd6 Re8 17. h3 e5 18. dxe5 Nh5 19. Rac1 Nb6 20. Qxc6 Rc8 21.
Qxb5 Rxc1 22. Rxc1 Nf4 23. Rc7 Ne6 24. Rxa7 h6 25. a4 Nc8 26. Ra8 Re7 27. Bxe7
Qd1+ 28. Kh2 Qc2 29. Qe8+ Kh7 30. Rxc8 Qxe4 31. Qg8+ Kg6 32. Nh4+ Kh5 33. g4+
Qxg4 34. hxg4+ Kxg4 35. Qxf7 Nf4 36. Rc4 g5 37. f3+ Kxh4 38. Rxf4# 1-0

[Event "Junior Online 4NCL Division 4"]
[Site "online"]
[Date "2020.04.16"]
[Round "1.22"]
[White "Krasnov, Maksim"]
[Black "Paul, Alexandre"]
[Result "0-1"]
[WhiteElo "1247"]
[BlackElo "1352"]
[PlyCount "80"]
[EventDate "2020.04.16"]
[WhiteTeam "Robin Hoods 3"]
[BlackTeam "Harrow Juniors C"]

1. e4 e5 2. Nf3 Nc6 3. Bc4 Bc5 4. Nc3 Nf6 5. d3 O-O 6. Bg5 h6 7. Bh4 d6 8. h3
g5 9. Nxg5 hxg5 10. Bxg5 Kh8 11. Qf3 Kg7 12. Nd5 Kg6 13. Bxf6 Qd7 14. Qf5+ Qxf5
15. Ne7+ Kxf6 16. Nxf5 Nd4 17. Kd2 Nxf5 18. exf5 Bxf5 19. g4 Be6 20. f3 Bxc4
21. dxc4 Rad8 22. h4 Rh8 23. h5 Rh6 24. Rag1 d5 25. g5+ Kf5 26. gxh6 dxc4+ 27.
Kc3 Bxg1 28. Rxg1 Rh8 29. Kxc4 Rxh6 30. Rg7 Kf6 31. Rg8 Rxh5 32. Ra8 Rh4+ 33.
Kd3 a6 34. Ra7 Rb4 35. b3 Ke6 36. c3 Rb6 37. c4 Rd6+ 38. Ke4 f5+ 39. Ke3 f4+
40. Ke4 Rd4# 0-1

[Event "Junior Online 4NCL Division 4"]
[Site "online"]
[Date "2020.04.16"]
[Round "1.23"]
[White "Evans, Daniel"]
[Black "Babu, Rohan"]
[Result "1-0"]
[WhiteElo "1270"]
[BlackElo "1255"]
[PlyCount "101"]
[EventDate "2020.04.16"]
[WhiteTeam "Harrow Juniors C"]
[BlackTeam "Robin Hoods 3"]

1. c4 e5 2. g3 Nf6 3. Bg2 Nc6 4. e3 Bc5 5. Nc3 d6 6. Nge2 Bf5 7. O-O Nb4 8. e4
Bg6 9. a3 Nc6 10. b4 Bb6 11. b5 Nd4 12. Nxd4 exd4 13. Nd5 O-O 14. Nxf6+ Qxf6
15. d3 Rfe8 16. f4 Rad8 17. f5 Bh5 18. Qxh5 Rd7 19. Bg5 Qe5 20. f6 gxf6 21.
Bxf6 Qxh5 22. Rf5 Qh6 23. Bg5 Qe6 24. Bh3 Qg6 25. Bf6 h6 26. Rf4 Qh5 27. Bxd7
Rf8 28. Rg4+ Kh7 29. Bf5+ Qxf5 30. exf5 Re8 31. Rg7+ Kh8 32. Rxf7+ Kg8 33. Rg7+
Kf8 34. Rh7 Kg8 35. Rh8+ Kf7 36. Rxe8 Kxe8 37. Re1+ Kf8 38. Be7+ Kf7 39. f6 Kg8
40. Bd8 Kf7 41. Kg2 Kg8 42. Re7 Kf8 43. Rh7 Kg8 44. Be7 c5 45. f7+ Kxh7 46.
f8=Q Kg6 47. Qf6+ Kh5 48. Bf8 Kg4 49. Bxh6 Bd8 50. Qxd8 d5 51. Qg5# 1-0

[Event "Junior Online 4NCL Division 4"]
[Site "online"]
[Date "2020.04.16"]
[Round "1.24"]
[White "Pannu, Aaron"]
[Black "Laza, Andrei"]
[Result "0-1"]
[WhiteElo "1240"]
[BlackElo "1315"]
[PlyCount "50"]
[EventDate "2020.04.16"]
[WhiteTeam "Robin Hoods 3"]
[BlackTeam "Harrow Juniors C"]

1. e4 e5 2. Nf3 Nc6 3. Bb5 d6 4. Nc3 Nf6 5. d3 Bg4 6. Bg5 Be7 7. Nd5 h6 8. Nxe7
Qxe7 9. Be3 O-O 10. O-O Qe6 11. h3 Bh5 12. Bc4 Qd7 13. Qd2 Bxf3 14. gxf3 Qxh3
15. Qb4 Nxb4 16. Rac1 Qxf3 17. Kh2 Ng4+ 18. Kg1 Qh3 19. Rfe1 Kh7 20. Bd2 f5 21.
Bxb4 Qh4 22. Re2 fxe4 23. dxe4 Rxf2 24. Rxf2 Qxf2+ 25. Kh1 Qh2# 0-1

[Event "Junior Online 4NCL Division 4"]
[Site "online"]
[Date "2020.04.16"]
[Round "1.25"]
[White "Humphreys, Benjamin"]
[Black "Asryan, Kagik"]
[Result "0-1"]
[WhiteElo "1255"]
[BlackElo "1345"]
[PlyCount "80"]
[EventDate "2020.04.16"]
[WhiteTeam "Robin Hoods 3"]
[BlackTeam "Harrow Juniors C"]

1. e4 e5 2. Nf3 Nc6 3. Bc4 d6 4. d3 Be7 5. O-O a6 6. Be3 Nf6 7. Re1 O-O 8. Nc3
Bg4 9. h3 Bxf3 10. Qxf3 Nd4 11. Bxd4 b5 12. Bd5 Nxd5 13. Nxd5 exd4 14. Nxe7+
Qxe7 15. Rac1 h6 16. a3 c5 17. b4 Qe5 18. Qf5 cxb4 19. Qxe5 dxe5 20. axb4 Rfc8
21. Re2 a5 22. bxa5 Rxa5 23. Rb1 Rc5 24. f3 Ra2 25. Rc1 Rb2 26. Kf1 Rc3 27. Ke1
b4 28. Kd1 b3 29. cxb3 Rxc1+ 30. Kxc1 Rxe2 31. g4 Re3 32. Kb2 Rxd3 33. Ka3 Rxf3
34. Ka4 d3 35. b4 d2 36. Ka5 d1=Q 37. b5 Qa1+ 38. Kb6 Rb3 39. Kc6 Qc3+ 40. Kb6
Qb4 0-1

[Event "Junior Online 4NCL Division 4"]
[Site "online"]
[Date "2020.04.16"]
[Round "1.26"]
[White "Paul, Alexandre"]
[Black "Krasnov, Maksim"]
[Result "1-0"]
[WhiteElo "1352"]
[BlackElo "1247"]
[PlyCount "67"]
[EventDate "2020.04.16"]
[WhiteTeam "Harrow Juniors C"]
[BlackTeam "Robin Hoods 3"]

1. e4 e5 2. Nf3 Nc6 3. Nc3 Bc5 4. Bc4 Nf6 5. O-O d6 6. h3 O-O 7. d3 Qe7 8. Bg5
h6 9. Bh4 g5 10. Nxg5 hxg5 11. Bxg5 Be6 12. Bxe6 Qxe6 13. Nd5 Nxd5 14. exd5 Qg6
15. Qd2 Nd4 16. c3 Ne2+ 17. Kh1 Bxf2 18. Rxf2 Ng3+ 19. Kg1 f6 20. Be3 f5 21.
Rf3 f4 22. Bf2 Rf7 23. Bxg3 fxg3 24. Rxf7 Qxf7 25. Rf1 Qxd5 26. Qg5+ Kh7 27.
Qh5+ Kg7 28. Qg4+ Kh7 29. Qh4+ Kg8 30. Qxg3+ Kh7 31. Qh4+ Kg6 32. Rf6+ Kg7 33.
Qg5+ Kh7 34. Rh6# 1-0

[Event "Junior Online 4NCL Division 4"]
[Site "online"]
[Date "2020.04.16"]
[Round "1.27"]
[White "Babu, Rohan"]
[Black "Evans, Daniel"]
[Result "0-1"]
[WhiteElo "1255"]
[BlackElo "1270"]
[PlyCount "92"]
[EventDate "2020.04.16"]
[WhiteTeam "Robin Hoods 3"]
[BlackTeam "Harrow Juniors C"]

1. e4 c5 2. Nc3 Nc6 3. Nf3 d6 4. d4 cxd4 5. Nxd4 Nf6 6. Nxc6 bxc6 7. Bf4 e5 8.
Be3 Be6 9. Bd3 Be7 10. O-O O-O 11. Rc1 Qd7 12. Qd2 Ng4 13. Rcd1 Nxe3 14. Qxe3
f6 15. b3 d5 16. a4 d4 17. Qg3 dxc3 18. f4 Bd6 19. f5 Bf7 20. Bc4 Bc5+ 21. Kh1
Qc7 22. Bxf7+ Qxf7 23. Qxc3 Bd4 24. Qxc6 Rac8 25. Qa6 Rxc2 26. Qa5 Bb6 27. Qa6
Qxb3 28. Qd3 Qxd3 29. Rxd3 Ra2 30. a5 Rxa5 31. Rfd1 Ra4 32. R1d2 Ra1+ 33. Rd1
Rxd1+ 34. Rxd1 Bd4 35. Rxd4 exd4 36. Kg1 Rd8 37. Kf1 d3 38. Ke1 d2+ 39. Kd1 a5
40. Ke2 a4 41. Kd1 a3 42. Kc2 d1=Q+ 43. Kc3 a2 44. Kc4 a1=Q 45. Kb5 Qdc1 46.
Kb6 Rb8# 0-1

[Event "Junior Online 4NCL Division 4"]
[Site "online"]
[Date "2020.04.16"]
[Round "1.28"]
[White "Laza, Andrei"]
[Black "Pannu, Aaron"]
[Result "1-0"]
[WhiteElo "1315"]
[BlackElo "1240"]
[PlyCount "83"]
[EventDate "2020.04.16"]
[WhiteTeam "Harrow Juniors C"]
[BlackTeam "Robin Hoods 3"]

1. e4 e5 2. Nf3 Nc6 3. Nc3 Nf6 4. Bb5 Bc5 5. d3 d6 6. O-O Bg4 7. h3 Be6 8. Bg5
h6 9. Be3 O-O 10. Qe2 a6 11. Ba4 b5 12. Bb3 b4 13. Nd5 Na5 14. Nxf6+ Qxf6 15.
Ba4 c6 16. Bb3 Nxb3 17. axb3 Qg6 18. Kh1 Qh5 19. Bxc5 dxc5 20. Rg1 Bg4 21. Qe3
g6 22. Nh2 Be6 23. Qf3 Qxf3 24. Nxf3 f6 25. Kh2 f5 26. Ra5 fxe4 27. dxe4 Bxh3
28. Kxh3 g5 29. Kg4 Rf4+ 30. Kh5 Kg7 31. Rxc5 Re8 32. Rxc6 Rh8 33. Rd1 Rhf8 34.
Rd7+ Kg8 35. Rg6+ Kh8 36. Kxh6 R8f7 37. Rxf7 Rxf7 38. Nxg5 Rf4 39. g3 Rxf2 40.
Rxa6 Rh2+ 41. Kg6 Rh5 42. Ra8# 1-0

[Event "Junior Online 4NCL Division 4"]
[Site "online"]
[Date "2020.04.16"]
[Round "1.32"]
[White "Demjan, Denisz"]
[Black "Sanka, Amit Aryan"]
[Result "1-0"]
[WhiteElo "1345"]
[BlackElo "1562"]
[PlyCount "55"]
[EventDate "2020.04.16"]
[WhiteTeam "Watford 2"]
[BlackTeam "KJCA Young Kestrels D"]

1. e4 e6 2. d4 d5 3. e5 c5 4. Be3 Nc6 5. Nf3 cxd4 6. Nxd4 Nxe5 7. Bb5+ Bd7 8.
Bxd7+ Nxd7 9. O-O Ngf6 10. Nc3 Bc5 11. Nce2 O-O 12. h3 Qb6 13. b3 h6 14. c3
Rac8 15. Qd2 Ne4 16. Qd3 Ne5 17. Qd1 Qc7 18. f3 Bxd4 19. Bxd4 Nf6 20. Rc1 Nc6
21. Bxf6 gxf6 22. Qd2 Ne5 23. Qxh6 Ng6 24. h4 Qb6+ 25. Kh1 Qb5 26. Ng3 Qd3 27.
Nh5 Qf5 28. Qg7# 1-0

[Event "Junior Online 4NCL Division 4"]
[Site "online"]
[Date "2020.04.16"]
[Round "1.33"]
[White "Davies, Iris"]
[Black "Istari, Eliya"]
[Result "1-0"]
[WhiteElo "1457"]
[BlackElo "1330"]
[PlyCount "127"]
[EventDate "2020.04.16"]
[WhiteTeam "KJCA Young Kestrels D"]
[BlackTeam "Watford 2"]

1. e4 e5 2. Nf3 Nc6 3. Bc4 Nf6 4. d3 h6 5. c3 Bc5 6. O-O d6 7. h3 O-O 8. d4
exd4 9. cxd4 Bb6 10. Bf4 Nxe4 11. Re1 Nf6 12. Nc3 Re8 13. Rxe8+ Qxe8 14. Ne2
Bf5 15. Ng3 Bg6 16. Qd2 Rd8 17. Re1 Qd7 18. Bxh6 gxh6 19. Qxh6 d5 20. Bb5 Re8
21. Ne5 Qd6 22. Re3 a6 23. Nxg6 fxg6 24. Qxg6+ Kf8 25. Rf3 Bxd4 26. Nf5 Re1+
27. Bf1 Ne5 28. Qg7+ Ke8 29. Nxd6+ cxd6 30. Qxf6 Nxf3+ 31. Qxf3 Kd7 32. Qxd5
Be5 33. Qxb7+ Ke6 34. Qc8+ Kd5 35. h4 Rd1 36. h5 Rd4 37. Bxa6 Rd1+ 38. Bf1 Rd2
39. h6 Rd4 40. h7 Rh4 41. Qa8+ Ke6 42. Qg8+ Kf6 43. Bd3 Bh2+ 44. Kf1 Be5 45.
h8=Q+ Rxh8 46. Qxh8+ Ke6 47. Qh6+ Kd5 48. a4 Kc5 49. Qc1+ Kd5 50. a5 Ke6 51. a6
Bd4 52. Qc4+ Ke5 53. b4 d5 54. Qxd4+ Kxd4 55. a7 Kxd3 56. a8=Q d4 57. b5 Kc3
58. Qa3+ Kc4 59. Qa4+ Kd3 60. b6 Ke4 61. b7 Kd3 62. b8=Q Kd2 63. Qb2+ Kd3 64.
Qaxd4# 1-0

[Event "Junior Online 4NCL Division 4"]
[Site "online"]
[Date "2020.04.16"]
[Round "1.34"]
[White "George, Seb"]
[Black "Gaekwad, Ankit"]
[Result "0-1"]
[WhiteElo "1285"]
[BlackElo "1450"]
[PlyCount "172"]
[EventDate "2020.04.16"]
[WhiteTeam "Watford 2"]
[BlackTeam "KJCA Young Kestrels D"]

1. Nf3 Nf6 2. Nc3 g6 3. e4 Bg7 4. d4 d6 5. Be3 O-O 6. Qd2 Nbd7 7. Bh6 e5 8. d5
Nb6 9. O-O-O Bd7 10. Bxg7 Kxg7 11. b3 Rc8 12. h4 h5 13. Re1 Be8 14. Bb5 c6 15.
dxc6 bxc6 16. Bd3 Qe7 17. Kb2 Rd8 18. Nh2 d5 19. exd5 cxd5 20. f3 Qc7 21. g4 d4
22. Nd1 Bc6 23. gxh5 Nxh5 24. Nf2 Rfe8 25. Nfg4 Nf4 26. Be4 Bxe4 27. fxe4 d3
28. Nf3 dxc2 29. Qxc2 Nd3+ 30. Kb1 Qxc2+ 31. Kxc2 Nxe1+ 32. Rxe1 Rc8+ 33. Kb2
Red8 34. Ngxe5 f6 35. Ng4 Rd3 36. Re3 Rxe3 37. Nxe3 Re8 38. Nd2 f5 39. Nd5 fxe4
40. Nxb6 axb6 41. Nc4 b5 42. Nd6 Re6 43. Nxb5 e3 44. Nd4 Re8 45. Ne2 Kh6 46.
Kc2 Kh5 47. Kd1 Kxh4 48. Nc3 g5 49. Ke2 g4 50. Nd1 Kg3 51. a4 Kh2 52. Nc3 g3
53. Nb5 g2 54. Nd4 g1=Q 55. Nf3+ Kg2 56. Nxg1 Kxg1 57. b4 Re4 58. a5 Rxb4 59.
Kxe3 Ra4 60. Kd3 Rxa5 61. Kc4 Rf5 62. Kd4 Kg2 63. Ke4 Rf8 64. Ke5 Kg3 65. Ke6
Kg4 66. Ke7 Rf3 67. Ke6 Kg5 68. Ke5 Re3+ 69. Kd5 Re8 70. Kd4 Kf4 71. Kd5 Re1
72. Kd6 Kf5 73. Kd7 Kf6 74. Kd6 Rd1+ 75. Kc5 Ke6 76. Kc4 Ke5 77. Kb3 Rc1 78.
Kb2 Rc8 79. Kb3 Kd4 80. Kb4 Rb8+ 81. Ka5 Kc4 82. Ka6 Kc5 83. Ka7 Rb1 84. Ka6
Rb2 85. Ka7 Kc6 86. Ka8 Kc7 0-1

[Event "Junior Online 4NCL Division 4"]
[Site "online"]
[Date "2020.04.16"]
[Round "1.36"]
[White "Sanka, Amit Aryan"]
[Black "Demjan, Denisz"]
[Result "1-0"]
[WhiteElo "1562"]
[BlackElo "1345"]
[PlyCount "135"]
[EventDate "2020.04.16"]
[WhiteTeam "KJCA Young Kestrels D"]
[BlackTeam "Watford 2"]

1. Nf3 d5 2. e3 Nc6 3. c4 d4 4. exd4 Nxd4 5. Nxd4 Qxd4 6. Be2 b6 7. O-O Bb7 8.
Qa4+ Kd8 9. Nc3 Nf6 10. d3 e6 11. Be3 Qd7 12. Qb3 Bd6 13. Nb5 Ke7 14. Nxd6 Qxd6
15. c5 Qd7 16. Rac1 Bc6 17. d4 Nd5 18. cxb6 cxb6 19. Qa3+ Ke8 20. Bf3 Rc8 21.
Bxd5 Qxd5 22. f3 Kd7 23. Qxa7+ Rc7 24. Qxb6 Qb5 25. Qxb5 Bxb5 26. Rxc7+ Kxc7
27. Rc1+ Kb6 28. d5+ Ka5 29. d6 Rd8 30. Bc5 g6 31. Rc3 Ka6 32. b4 h5 33. Ra3+
Kb7 34. Ra7+ Kc6 35. Rxf7 Bc4 36. a4 e5 37. Re7 Kd5 38. Rg7 Bd3 39. a5 Kc6 40.
Kf2 Bf5 41. h3 Bb1 42. Ke3 Kd5 43. a6 Kc6 44. a7 Bf5 45. g4 hxg4 46. hxg4 Bd7
47. Rxg6 Ra8 48. g5 Bf5 49. Rf6 Bd7 50. g6 Kd5 51. g7 Be6 52. Rf8 Rxa7 53. Bxa7
Kxd6 54. g8=Q Bxg8 55. Rxg8 Kd5 56. b5 e4 57. fxe4+ Kd6 58. b6 Kc6 59. e5 Kd7
60. b7 Ke6 61. b8=Q Kd5 62. Qd6+ Kc4 63. Rc8+ Kb5 64. Qb6+ Ka4 65. Rc4+ Ka3 66.
Qb4+ Ka2 67. Rc5 Ka1 68. Ra5# 1-0

[Event "Junior Online 4NCL Division 4"]
[Site "online"]
[Date "2020.04.16"]
[Round "1.38"]
[White "Gaekwad, Ankit"]
[Black "George, Seb"]
[Result "1-0"]
[WhiteElo "1450"]
[BlackElo "1285"]
[PlyCount "46"]
[EventDate "2020.04.16"]
[WhiteTeam "KJCA Young Kestrels D"]
[BlackTeam "Watford 2"]

1. d4 d5 2. Bf4 Nf6 3. e3 Bf5 4. Nf3 e6 5. Nbd2 Nbd7 6. c3 c6 7. Be2 Be7 8. O-O
O-O 9. h3 h6 10. Re1 Ne4 11. a4 a5 12. Bf1 Re8 13. c4 Nxd2 14. Qxd2 Nf6 15.
cxd5 Nxd5 16. Bh2 Bd6 17. e4 Bxh2+ 18. Nxh2 Bxe4 19. Rxe4 Nf6 20. Ree1 Qd5 21.
Nf3 Ne4 22. Qd3 Rad8 23. Rxe4 f5 1-0

[Event "Junior Online 4NCL Division 4"]
[Site "online"]
[Date "2020.04.16"]
[Round "1.41"]
[White "Cimurs, Alexander"]
[Black "McAndrew, Rory"]
[Result "0-1"]
[WhiteElo "1337"]
[BlackElo "1397"]
[PlyCount "40"]
[EventDate "2020.04.16"]
[WhiteTeam "Leicestershire Juniors 2"]
[BlackTeam "Ojays E"]

1. e4 e5 2. Nf3 Nc6 3. Bc4 Bc5 4. O-O Nf6 5. Nc3 d6 6. d3 Bg4 7. Bg5 Nd4 8. Nd5
Bxf3 9. gxf3 h6 10. Bxf6 gxf6 11. c3 Ne6 12. d4 Bb6 13. Nxb6 cxb6 14. Bb5+ Kf8
15. d5 Nf4 16. c4 Qc8 17. Qd2 Qh3 18. Qxf4 exf4 19. b4 Rg8+ 20. Kh1 Qg2# 0-1